[Event "Montreal Varennes op"]
[Site "Montreal"]
[Date "2012.11.18"]
[Round "4"]
[White "Kleinman, Michael"]
[Black "Dupuis, Stephane"]
[Result "1-0"]
[WhiteElo "2258"]
[BlackElo "2153"]
[PlyCount "93"]
[EventDate "2012.11.16"]
[EventType "swiss"]
[EventRounds "5"]
[EventCountry "CAN"]
[SourceTitle "EXT 2022"]
[Source "ChessBase"]
[SourceDate "2021.10.06"]
[SourceVersion "1"]
[SourceVersionDate "2021.10.06"]
[SourceQuality "1"]

1. e4 e5 2. Nf3 Nc6 3. Bb5 a6 4. Ba4 Nf6 5. 0-0 Be7 6. Re1 b5 7. Bb3 d6 8. c3 0-0 9. h3 Na5 10. Bc2 c5 11. d4 cxd4 12. cxd4 Qc7 13. Bd2 Nc4 14. Bc3 a5 15. b3 Na3 16. Nxa3 Qxc3 17. Nxb5 Qb4 18. Bd3 a4 19. a3 Qxb3 20. Qe2 Nh5 21. Nd2 Nf4 22. Nxb3 Nxe2+ 23. Rxe2 axb3 24. d5 Bd7 25. Rb2 Rfb8 26. Rxb3 Ra4 27. Nd4 Rxb3 28. Nxb3 Kf8 29. Kf1 Bd8 30. Nd2 Bb6 31. Rb1 Bc5 32. Nc4 Ke7 33. Rb7 Kd8 34. Ke2 Kc8 35. Rb3 Kc7 36. f3 Bc8 37. Rc3 Ba6 38. Nxe5 f6 39. Nc6 Bxd3+ 40. Kxd3 Kd7 41. Rb3 Rxa3 42. Rxa3 Bxa3 43. Nd4 g6 44. Kc4 h5 45. Ne6 Ke7 46. Nf4 Kf7 47. Nd3 1-0

[Event "Quebec-ch op"]
[Site "Montreal"]
[Date "2006.07.12"]
[Round "6"]
[White "Robichaud, Louis"]
[Black "Dupuis, Stephane"]
[Result "1-0"]
[WhiteElo "2114"]
[BlackElo "2183"]
[PlyCount "57"]
[EventDate "2006.07.07"]
[EventType "swiss"]
[EventRounds "9"]
[EventCountry "CAN"]
[SourceTitle "CBM 113 Extra"]
[Source "ChessBase"]
[SourceDate "2006.09.14"]
[SourceVersion "1"]
[SourceVersionDate "2006.09.14"]
[SourceQuality "1"]

1. e4 d6 2. d4 Nf6 3. Nc3 g6 4. f4 Bg7 5. Nf3 c5 6. d5 0-0 7. a4 Na6 8. Bc4 Nb4 9. e5 dxe5 10. fxe5 Ng4 11. Bf4 f6 12. e6 Kh8 13. Qd2 g5 14. h3 Nh6 15. Bh2 Nf5 16. 0-0 Nd6 17. b3 Nxc4 18. bxc4 b6 19. Ne4 h6 20. c3 Na6 21. Ng3 Nc7 22. Rae1 Rg8 23. Nf5 Bf8 24. Ne5 fxe5 25. Bxe5+ Rg7 26. Nxg7 Bxg7 27. Bxg7+ Kxg7 28. Rf7+ Kh8 29. Qe2 1-0

[Event "Montreal June op"]
[Site "Montreal"]
[Date "2006.06.11"]
[Round "5"]
[White "Dupuis, Stephane"]
[Black "Gilman, Arkadiy M"]
[Result "1/2-1/2"]
[WhiteElo "2137"]
[BlackElo "2166"]
[PlyCount "76"]
[EventDate "2006.06.09"]
[EventType "swiss"]
[EventRounds "5"]
[EventCountry "CAN"]
[SourceTitle "EXT 2007"]
[Source "ChessBase"]
[SourceDate "2006.11.23"]
[SourceVersion "1"]
[SourceVersionDate "2006.11.23"]
[SourceQuality "1"]

1. g3 d5 2. Bg2 Nf6 3. d3 e5 4. Nf3 Bd6 5. 0-0 0-0 6. Nbd2 Qe7 7. e4 dxe4 8. dxe4 Nc6 9. c3 a5 10. Qc2 Bg4 11. h3 Bh5 12. Re1 Rad8 13. Nf1 Bg6 14. Nh4 Qe6 15. f4 exf4 16. gxf4 Bc5+ 17. Kh1 Bxe4 18. Rxe4 Nxe4 19. Qxe4 Rd1 20. Qxe6 fxe6 21. Nf3 Be3 22. Bxe3 Rxa1 23. Ng5 e5 24. Bd5+ Kh8 25. Kg2 exf4 26. Bc5 Rf5 27. Nf7+ Rxf7 28. Bxf7 f3+ 29. Kg1 Ne5 30. Bd5 c6 31. Be4 Rxa2 32. b3 Re2 33. Ne3 a4 34. bxa4 Nc4 35. Nxc4 Rxe4 36. Nd6 Rxa4 37. Nxb7 Ra2 38. Nd8 Ra8 1/2-1/2

[Event "Montreal Premiere Neige"]
[Site "Montreal"]
[Date "2003.12.13"]
[Round "2"]
[White "Hebert, Jean"]
[Black "Dupuis, Stephane"]
[Result "1-0"]
[WhiteElo "2443"]
[BlackElo "2151"]
[PlyCount "53"]
[EventDate "2003.12.??"]
[EventType "swiss"]
[EventRounds "5"]
[EventCountry "CAN"]
[SourceTitle "EXT 2006"]
[Source "ChessBase"]
[SourceDate "2005.11.24"]
[SourceVersion "1"]
[SourceVersionDate "2005.11.24"]
[SourceQuality "1"]

1. Nf3 Nc6 2. d4 d5 3. c4 e6 4. Nc3 Nf6 5. Bg5 Bb4 6. e3 h6 7. Bh4 a6 8. Bd3 0-0 9. 0-0 g5 10. Bg3 Nh5 11. e4 Nxg3 12. hxg3 dxc4 13. Bxc4 b5 14. Bb3 g4 15. d5 gxf3 16. dxc6 Bxc3 17. bxc3 fxg2 18. Kxg2 Qf6 19. Qh5 e5 20. f4 Be6 21. fxe5 Qg5 22. Qxg5+ hxg5 23. Rad1 Bg4 24. Rd2 Rae8 25. Rd5 Re7 26. e6 fxe6 27. Rxg5+ 1-0

[Event "Montreal Premiere Neige"]
[Site "Montreal"]
[Date "2003.12.12"]
[Round "1"]
[White "Dupuis, Stephane"]
[Black "Sonkin"]
[Result "1-0"]
[WhiteElo "2151"]
[BlackElo "1862"]
[PlyCount "93"]
[EventDate "2003.12.??"]
[EventType "swiss"]
[EventRounds "5"]
[EventCountry "CAN"]
[SourceTitle "EXT 2006"]
[Source "ChessBase"]
[SourceDate "2005.11.24"]
[SourceVersion "1"]
[SourceVersionDate "2005.11.24"]
[SourceQuality "1"]

1. f4 d5 2. Nf3 c5 3. g3 Nc6 4. Bg2 Nf6 5. 0-0 e6 6. d3 Be7 7. Nc3 a6 8. a4 Rb8 9. e4 dxe4 10. Ne5 Nxe5 11. fxe5 Qd4+ 12. Kh1 Nd5 13. Nxe4 Ne3 14. c3 Qxe4 15. Bxe4 Nxd1 16. Rxd1 0-0 17. Be3 b5 18. axb5 Rxb5 19. Rd2 c4 20. d4 Rd8 21. Ra4 Bb7 22. Bxb7 Rxb7 23. Rxc4 Rb3 24. Ra4 Ra8 25. Kg2 h6 26. Kf2 Kh7 27. Ke2 Kg6 28. Kd3 a5 29. Kc2 Rab8 30. Rxa5 Rxb2+ 31. Kd3 Rxd2+ 32. Bxd2 Rb2 33. Ra7 Bg5 34. Bxg5 hxg5 35. c4 Rxh2 36. c5 Rg2 37. c6 Rxg3+ 38. Kc4 Rg1 39. Kc5 Rc1+ 40. Kd6 g4 41. c7 Rc4 42. Ra8 Rxd4+ 43. Ke7 Rc4 44. c8Q Rxc8 45. Rxc8 f5 46. Kxe6 g3 47. Kd5 1-0

[Event "Montreal Le Bolduc"]
[Site "Montreal"]
[Date "2003.??.??"]
[Round "1"]
[White "Bolduc, Steve"]
[Black "Dupuis, Stephane"]
[Result "1-0"]
[WhiteElo "2202"]
[BlackElo "2230"]
[PlyCount "105"]
[EventDate "2003.??.??"]
[EventType "tourn"]
[EventRounds "9"]
[EventCountry "CAN"]
[SourceTitle "EXT 2005"]
[Source "ChessBase"]
[SourceDate "2004.11.15"]
[SourceVersion "1"]
[SourceVersionDate "2004.11.15"]
[SourceQuality "1"]

1. d4 d5 2. c4 e6 3. Nc3 Nf6 4. cxd5 exd5 5. Bg5 Nbd7 6. e3 Bb4 7. Bd3 c5 8. Nge2 c4 9. Bf5 Qa5 10. 0-0 0-0 11. Qc2 g6 12. Bh3 Re8 13. f3 Nh5 14. Bh6 Ndf6 15. Bxc8 Raxc8 16. g4 Ng7 17. Ng3 Rc6 18. h4 Rce6 19. Rae1 Bd6 20. Qg2 Bxg3 21. Qxg3 b5 22. a3 Qb6 23. Bg5 Qb7 24. Re2 a5 25. a4 b4 26. Nb5 R8e7 27. Qf4 Nge8 28. Rfe1 Qc6 29. Rg2 Rb7 30. h5 Nc7 31. Nxc7 Qxc7 32. Qxc7 Rxc7 33. h6 c3 34. Rc2 Rc4 35. bxc3 Ne8 36. Bd8 bxc3 37. Bxa5 Rxd4 38. exd4 Rxe1+ 39. Kf2 Ra1 40. Rxc3 Rxa4 41. Rc8 Kf8 42. Bb6 Ke7 43. Bc5+ Kd7 44. Rb8 Ra6 45. Rb7+ Nc7 46. Bb6 Ra2+ 47. Kg3 Rc2 48. Kf4 f6 49. Rxc7+ Rxc7 50. Bxc7 Kxc7 51. g5 Kd6 52. gxf6 Ke6 53. f7 1-0

[Event "Montreal Le Bolduc"]
[Site "Montreal"]
[Date "2003.??.??"]
[Round "7"]
[White "Dupuis, Stephane"]
[Black "Rousseau, Daniel"]
[Result "1/2-1/2"]
[WhiteElo "2230"]
[BlackElo "2071"]
[PlyCount "45"]
[EventDate "2003.??.??"]
[EventType "tourn"]
[EventRounds "9"]
[EventCountry "CAN"]
[SourceTitle "EXT 2005"]
[Source "ChessBase"]
[SourceDate "2004.11.15"]
[SourceVersion "1"]
[SourceVersionDate "2004.11.15"]
[SourceQuality "1"]

1. e4 e5 2. Nf3 Nc6 3. Nc3 Nf6 4. Bb5 Bb4 5. 0-0 0-0 6. d3 Bxc3 7. bxc3 d5 8. exd5 Qxd5 9. c4 Qd6 10. Bxc6 bxc6 11. Bb2 e4 12. Be5 Qe6 13. dxe4 Nxe4 14. Qd4 Nd6 15. Rfe1 Qg6 16. Bxd6 cxd6 17. c5 dxc5 18. Qxc5 Bh3 19. Nh4 Qg4 20. Re3 Qxh4 21. Rxh3 Qa4 22. Ra3 Qb5 23. Ra5 1/2-1/2

[Event "Trois-Rivieres Mauricie op"]
[Site "Trois Rivieres"]
[Date "1994.03.20"]
[Round "4"]
[White "Dupuis, Stephane"]
[Black "Finta, Robert"]
[Result "0-1"]
[WhiteElo "2187"]
[BlackElo "2122"]
[PlyCount "104"]
[EventDate "1994.03.18"]
[EventType "swiss"]
[EventRounds "5"]
[EventCountry "CAN"]
[SourceTitle "EXT 2022"]
[Source "ChessBase"]
[SourceDate "2021.10.06"]
[SourceVersion "1"]
[SourceVersionDate "2021.10.06"]
[SourceQuality "1"]

1. d4 Nf6 2. c4 g6 3. Nc3 Bg7 4. g3 c5 5. d5 0-0 6. Bg2 d6 7. Nf3 e6 8. 0-0 exd5 9. Nxd5 Nxd5 10. Qxd5 Nc6 11. Ng5 Nd4 12. Be3 Nxe2+ 13. Kh1 Nd4 14. Ne4 Be6 15. Qxd6 Nc2 16. Rac1 Nxe3 17. fxe3 b6 18. b3 Qxd6 19. Nxd6 Rad8 20. Rcd1 Be5 21. Nb7 Rb8 22. Bf3 Bh3 23. Rf2 h5 24. Rfd2 Kg7 25. Nd8 Bc7 26. Nc6 Rbe8 27. e4 a6 28. b4 Be6 29. bxc5 bxc5 30. Rb1 Bxc4 31. Rb7 Be5 32. a4 Re6 33. Na5 Bf1 34. Rd1 Bh3 35. Be2 Rf6 36. Nb3 Rc8 37. Re7 c4 38. Na5 Bd6 39. e5 Bxe7 40. exf6+ Bxf6 41. Nxc4 Re8 42. Rd2 Re4 43. a5 Bg5 44. Rc2 Rd4 45. Kg1 Bf5 46. Rc3 Bf6 47. Ra3 Be7 48. Rb3 Bc5 49. Ne3 Rd6 50. Kf1 Bh3+ 51. Ke1 Be6 52. Bc4 Bxe3 0-1

[Event "Quebec op"]
[Site "Montreal"]
[Date "1991.07.30"]
[Round "4"]
[White "Dupuis, Stephane"]
[Black "Reeve, Jeff"]
[Result "0-1"]
[WhiteElo "2161"]
[BlackElo "2307"]
[PlyCount "49"]
[EventDate "1991.07.27"]
[EventType "swiss"]
[EventRounds "8"]
[EventCountry "CAN"]
[SourceTitle "EXT 2022"]
[Source "ChessBase"]
[SourceDate "2021.10.06"]
[SourceVersion "1"]
[SourceVersionDate "2021.10.06"]
[SourceQuality "1"]

1. d4 Nf6 2. e3 d6 3. f4 Bg4 4. Nf3 Nbd7 5. h3 Bxf3 6. Qxf3 c6 7. Nd2 Qc7 8. g4 0-0-0 9. b3 e5 10. Bb2 exf4 11. exf4 Re8+ 12. Kf2 d5 13. Bd3 Bd6 14. f5 Bf4 15. Nb1 h5 16. Rg1 hxg4 17. hxg4 Ne4+ 18. Bxe4 Rxe4 19. Rh1 Rhe8 20. Bc3 Be3+ 21. Kg2 Nf6 22. Rh4 Rf4 23. Qd1 Rf2+ 24. Kh1 Qf4 25. Rh2 0-1

[Event "Quebec op"]
[Site "Montreal"]
[Date "1991.07.29"]
[Round "3"]
[White "Dupuis, Stephane"]
[Black "Belanger, Jacques"]
[Result "1-0"]
[WhiteElo "2161"]
[BlackElo "2022"]
[PlyCount "109"]
[EventDate "1991.07.27"]
[EventType "swiss"]
[EventRounds "8"]
[EventCountry "CAN"]
[SourceTitle "EXT 2022"]
[Source "ChessBase"]
[SourceDate "2021.10.06"]
[SourceVersion "1"]
[SourceVersionDate "2021.10.06"]
[SourceQuality "1"]

1. d4 Nf6 2. e3 d5 3. Bd3 g6 4. f4 Bg7 5. Nd2 b6 6. Ngf3 Ba6 7. Ne5 Bxd3 8. cxd3 0-0 9. Ndf3 Qd6 10. Bd2 Nbd7 11. Qa4 c5 12. Bc3 cxd4 13. Bxd4 Nc5 14. Qa3 a5 15. Rc1 Rac8 16. 0-0 Nfd7 17. Rc2 f6 18. Nxd7 Nxd7 19. Qxd6 exd6 20. Rfc1 Rxc2 21. Rxc2 Nc5 22. Rc3 Re8 23. Kf2 f5 24. Bxg7 Kxg7 25. Nd4 Re7 26. Nb5 Rd7 27. Ke2 Na4 28. Rc2 Nc5 29. d4 Ne4 30. Rc6 Rd8 31. Nc7 Rb8 32. Nxd5 b5 33. Nc3 Nxc3+ 34. Rxc3 Kf6 35. Rc7 h5 36. d5 g5 37. Rd7 gxf4 38. exf4 Re8+ 39. Kd3 Re4 40. Rxd6+ Kg7 41. Re6 Rxf4 42. d6 Rf1 43. Kd4 Kf7 44. Re2 f4 45. Kd5 Rd1+ 46. Kc6 b4 47. d7 Rc1+ 48. Kb7 Rd1 49. Kc8 Rc1+ 50. Kd8 h4 51. Re7+ Kf8 52. Re4 Rf1 53. Re8+ Kf7 54. Kc7 Rc1+ 55. Kb6 1-0

[Event "Mar del Plata op"]
[Site "Mar del Plata"]
[Date "1991.??.??"]
[Round "?"]
[White "Dupuis, Stephane"]
[Black "Rosito, Jorge"]
[Result "0-1"]
[WhiteElo "2230"]
[BlackElo "2330"]
[PlyCount "56"]
[EventDate "1991.??.??"]
[EventType "swiss"]
[EventRounds "9"]
[EventCountry "ARG"]
[SourceTitle "EXT 1999"]
[Source "ChessBase"]
[SourceDate "1998.11.16"]
[SourceVersion "1"]
[SourceVersionDate "1998.11.16"]
[SourceQuality "1"]

1. c4 e5 2. Nc3 Nf6 3. g3 c6 4. Bg2 d5 5. cxd5 cxd5 6. d3 Nc6 7. Nf3 Be7 8. 0-0 0-0 9. Bg5 Be6 10. Rc1 Rc8 11. Qd2 d4 12. Na4 Bd5 13. Nc5 b6 14. Nb3 Qd7 15. Rc2 a5 16. Rfc1 a4 17. Na1 Qe6 18. Nh4 Bxg2 19. Kxg2 h6 20. Bxf6 Bxf6 21. Nf3 Qd5 22. Kh3 Be7 23. a3 g5 24. g4 f5 25. Rg1 fxg4+ 26. Rxg4 Rxf3+ 27. Rg3 Rxf2 28. Rg4 Qh1 0-1

[Event "Quebec"]
[Site "Quebec"]
[Date "1988.??.??"]
[Round "3"]
[White "Dupuis, Stephane"]
[Black "Hebert, Jean"]
[Result "0-1"]
[WhiteElo "2230"]
[BlackElo "2400"]
[PlyCount "77"]
[EventDate "1988.??.??"]
[EventType "tourn"]
[EventRounds "11"]
[EventCountry "CAN"]
[EventCategory "1"]
[SourceTitle "EXT 1997"]
[Source "ChessBase"]
[SourceDate "1996.11.15"]
[SourceVersion "1"]
[SourceVersionDate "1996.11.15"]
[SourceQuality "1"]

1. e4 c5 2. Nf3 e6 3. d4 cxd4 4. Nxd4 a6 5. Bd3 Nc6 6. Nxc6 bxc6 7. 0-0 d5 8. c4 Nf6 9. cxd5 cxd5 10. exd5 Nxd5 11. Qa4+ Bd7 12. Qd4 Qf6 13. Qxf6 Nxf6 14. Nc3 Bc6 15. Bf4 Bb4 16. Rac1 Ke7 17. a3 Bd6 18. Bxd6+ Kxd6 19. Rfd1 Bd5 20. Kf1 Rhc8 21. Na4 a5 22. Rc3 Rab8 23. Rd2 h6 24. Ke2 Ke5 25. f3 g5 26. Rdc2 Rxc3 27. Rxc3 Kd6 28. Bc4 Bc6 29. Rb3 Rg8 30. Rd3+ Ke5 31. Nc5 g4 32. Kf2 gxf3 33. gxf3 a4 34. Rd2 Kf5 35. Rd6 Rc8 36. b4 Bxf3 37. Nxe6 Ne4+ 38. Kxf3 Nxd6 39. Nd4+ 0-1

[Event "Quebec op"]
[Site "Montreal"]
[Date "1987.07.29"]
[Round "4"]
[White "Leutschaft, Martin"]
[Black "Dupuis, Stephane"]
[Result "1-0"]
[WhiteElo "1899"]
[BlackElo "2089"]
[PlyCount "133"]
[EventDate "1987.07.26"]
[EventType "swiss"]
[EventRounds "8"]
[EventCountry "CAN"]
[SourceTitle "EXT 2022"]
[Source "ChessBase"]
[SourceDate "2021.10.06"]
[SourceVersion "1"]
[SourceVersionDate "2021.10.06"]
[SourceQuality "1"]

1. g3 Nf6 2. Bg2 g6 3. d3 Bg7 4. Nc3 0-0 5. Bd2 d5 6. Qc1 e5 7. Bh6 d4 8. Nb1 Bxh6 9. Qxh6 Ng4 10. Qc1 f5 11. c3 Nc6 12. Nd2 Be6 13. Ngf3 dxc3 14. Qxc3 Qf6 15. 0-0 Rae8 16. b4 Rf7 17. h3 Nh6 18. e3 e4 19. Qxf6 Rxf6 20. dxe4 Nxb4 21. e5 Rf7 22. Rab1 Nxa2 23. Rxb7 c5 24. Ng5 Rxb7 25. Bxb7 Nc3 26. Nxe6 Rxe6 27. Nc4 Re7 28. Bg2 Rd7 29. Ra1 Rd1+ 30. Rxd1 Nxd1 31. Kf1 Kf7 32. Ke2 Nc3+ 33. Kd3 Nd1 34. f4 Ke6 35. Na5 Nf2+ 36. Kc4 Nd1 37. Kxc5 Nxe3 38. Bf3 Nf1 39. Bd5+ Ke7 40. Nc6+ Ke8 41. Nxa7 Nxg3 42. Nb5 Ne2 43. Nc7+ Ke7 44. Ne6 Nf7 45. Bc4 Nxf4 46. Nxf4 Nxe5 47. Be2 g5 48. Kd5 Nf7 49. Ng2 Kf6 50. Bd1 Nd8 51. Be2 Ne6 52. Bd1 Ng7 53. Kd4 Ne6+ 54. Kd5 Nf8 55. Kd4 Nd7 56. Be2 Ne5 57. Kd5 f4 58. Ke4 Nc4 59. Bxc4 h5 60. h4 gxh4 61. Nxf4 Kg5 62. Be2 h3 63. Bxh5 Kh4 64. Bf3 Kg3 65. Ke3 h2 66. Ne2+ Kh3 67. Bh1 1-0

[Event "Montreal Winter Knights I"]
[Site "Montreal"]
[Date "1986.11.13"]
[Round "4"]
[White "Dupuis, Stephane"]
[Black "Gagnon, Michel"]
[Result "1-0"]
[WhiteElo "2059"]
[BlackElo "2085"]
[PlyCount "79"]
[EventDate "1986.11.02"]
[EventType "swiss"]
[EventRounds "9"]
[EventCountry "CAN"]
[SourceTitle "EXT 2022"]
[Source "ChessBase"]
[SourceDate "2021.10.06"]
[SourceVersion "1"]
[SourceVersionDate "2021.10.06"]
[SourceQuality "1"]

1. c4 Nf6 2. Nc3 e5 3. Nf3 Nc6 4. g3 d6 5. d4 Bg4 6. Bg2 Qd7 7. dxe5 dxe5 8. Qxd7+ Bxd7 9. 0-0 Bb4 10. Nd5 Nxd5 11. cxd5 Nd4 12. Nxd4 exd4 13. Rd1 Bc5 14. Bf4 0-0-0 15. Rac1 Bb6 16. Bxc7 Bxc7 17. d6 Bc6 18. dxc7 Kxc7 19. Rc4 Rhe8 20. Kf1 d3 21. Rxd3 Rxd3 22. exd3 Kd6 23. Bxc6 bxc6 24. Rd4+ Kc7 25. Re4 Rf8 26. Re7+ Kb6 27. Ke2 h5 28. h4 a5 29. Ke3 a4 30. Kd4 g6 31. f4 c5+ 32. Kc4 Kc6 33. Ra7 Kb6 34. Re7 Kc6 35. Re5 Kd6 36. Rd5+ Ke6 37. Rxc5 Rb8 38. b4 axb3 39. axb3 f6 40. b4 1-0

[Event "Montreal Winter Knights I"]
[Site "Montreal"]
[Date "1986.11.06"]
[Round "2"]
[White "Dupuis, Stephane"]
[Black "Leveille, Francois"]
[Result "1-0"]
[WhiteElo "2059"]
[BlackElo "2255"]
[PlyCount "73"]
[EventDate "1986.11.02"]
[EventType "swiss"]
[EventRounds "9"]
[EventCountry "CAN"]
[SourceTitle "EXT 2022"]
[Source "ChessBase"]
[SourceDate "2021.10.06"]
[SourceVersion "1"]
[SourceVersionDate "2021.10.06"]
[SourceQuality "1"]

1. e4 c5 2. Nf3 e6 3. d4 cxd4 4. Nxd4 Nf6 5. Nc3 d6 6. g4 h6 7. h4 Nc6 8. Rg1 h5 9. gxh5 Nxh5 10. Bg5 Qb6 11. Nb3 a6 12. Qd2 Bd7 13. 0-0-0 Qc7 14. Be2 Nf6 15. Rg3 b5 16. a3 b4 17. axb4 Nxb4 18. h5 Nxh5 19. Rh3 g6 20. Qd4 e5 21. Qxb4 Bxh3 22. Bxh5 Rb8 23. Qa3 Be6 24. Be2 Rh3 25. Bg4 Rxc3 26. Qa4+ Rc6 27. Bxe6 fxe6 28. Na5 Rb5 29. Nxc6 Qxc6 30. Qa2 Kd7 31. Rh1 d5 32. Rh7+ Kc8 33. Rh8 Qe8 34. Qxa6+ Rb7 35. Kb1 Kb8 36. Bf6 Qb5 37. Rxf8+ 1-0

[Event "Montreal Winter Knights I"]
[Site "Montreal"]
[Date "1986.11.02"]
[Round "1"]
[White "Morin, Yves"]
[Black "Dupuis, Stephane"]
[Result "1/2-1/2"]
[WhiteElo "2238"]
[BlackElo "2059"]
[PlyCount "24"]
[EventDate "1986.11.02"]
[EventType "swiss"]
[EventRounds "9"]
[EventCountry "CAN"]
[SourceTitle "EXT 2022"]
[Source "ChessBase"]
[SourceDate "2021.10.06"]
[SourceVersion "1"]
[SourceVersionDate "2021.10.06"]
[SourceQuality "1"]

1. c4 e5 2. Nc3 Nf6 3. Nf3 Nc6 4. g3 d5 5. cxd5 Nxd5 6. d3 Be7 7. Bg2 Nb6 8. Be3 0-0 9. 0-0 Be6 10. Nd2 Nd5 11. Nb3 Nxe3 12. fxe3 Bg5 1/2-1/2

[Event "Quebec op"]
[Site "Laval"]
[Date "1984.08.10"]
[Round "6"]
[White "Findlay, Ian T"]
[Black "Dupuis, Stephane"]
[Result "1-0"]
[WhiteElo "2303"]
[BlackElo "2053"]
[PlyCount "75"]
[EventDate "1984.08.05"]
[EventType "swiss"]
[EventRounds "8"]
[EventCountry "CAN"]
[SourceTitle "EXT 2022"]
[Source "ChessBase"]
[SourceDate "2021.10.06"]
[SourceVersion "1"]
[SourceVersionDate "2021.10.06"]
[SourceQuality "1"]

1. e4 d6 2. d4 Nf6 3. Nc3 g6 4. f4 Bg7 5. Nf3 c5 6. dxc5 Qa5 7. Bd3 Qxc5 8. Qe2 0-0 9. Be3 Qa5 10. 0-0 Bg4 11. h3 Bxf3 12. Qxf3 Nc6 13. a3 Nd7 14. Rab1 Qd8 15. Qf2 Nc5 16. f5 Ne5 17. Rbd1 Ncxd3 18. cxd3 b6 19. Qh4 Nd7 20. Bg5 Bd4+ 21. Kh1 f6 22. Bh6 Rf7 23. Ne2 g5 24. Qh5 Bxb2 25. Rb1 Bxa3 26. Rb3 Bc5 27. d4 Ne5 28. Rg3 Qe8 29. dxe5 dxe5 30. h4 Rf8 31. Rxg5+ fxg5 32. Qxg5+ Qg6 33. fxg6 Rxf1+ 34. Kh2 Kh8 35. Ng3 Rf6 36. gxh7 Rf7 37. Nf5 Kxh7 38. Qh5 1-0